Normal view
MARC view
Entry Personal Name
001 - CONTROL NUMBER
- control field: 43312
003 - CONTROL NUMBER IDENTIFIER
- control field: ARRUPE
005 - DATE AND TIME OF LATEST TRANSACTION
- control field: 20181108125644.0
008 - FIXED-LENGTH DATA ELEMENTS
- fixed length control field: 181108|| aca||aabn | a|a d
040 ## - CATALOGING SOURCE
- Original cataloging agency: ARRUPE
- Transcribing agency: ARRUPE
100 ## - HEADING--PERSONAL NAME
- Personal name: Rovelli, Carlo,
- Dates associated with a name: 1956-
- Relator term: author.
670 ## - SOURCE DATA FOUND
- Source citation: Work cat.: (ARRUPE)0: Rovelli, Carlo, 1956- author., The order of time /, 2018